000 00736nam a2200229Ia 4500
003 OSt
005 20241105151401.0
008 210716s2015 xx 000 0 und d
020 _a9788126548934
040 _cAIMIT LIBRARY
041 _aeng
082 _a519.55
_23
_bTSAR
100 _aTsay, Ruey S.
_9184253
245 _aAnalysis of financial time series /
_cBy Ruey S Tsay.
250 _a3rd ed.
260 _aNew Delhi :
_bWiley India Pvt Ltd ,
_c2015.
300 _axxiii,677p. ;
_bPB
_c23.7 cm
650 _aConditional heteroscedastic models
_9184254
650 _aNonlinear models and their applications
_9184255
650 _aPrinciples component analysis and factor models
_9184256
942 _2ddc
_cBK
_e3rd
_k519.55 TSAR
999 _c209916
_d209916